| 000 -ლიდერი |
| ფიქსირებული სიგრძის საკონტროლო ველი |
01175nam a22002297a 4500 |
| 003 - საკონტროლო ნომრის იდენტიფიკატორი |
| საკონტროლო ველი |
Ge_BSU |
| 005 - ბოლო ოპერაციის თარიღი და დრო |
| საკონტროლო ველი |
20190911131639.0 |
| 008 - ფიქსირებული სიგრძის მონაცემთა ელემენტები - ზოგადი ინფორმაცია |
| ფიქსირებული სიგრძის საკონტროლო ველი |
190911s2018 ||||| |||| 00| 0 geo d |
| 020 ## - წიგნის საერთაშორისო სტანდარტული ნომერი |
| International Standard Book Number |
9789941803666 (ნაწ. 1) |
| 041 ## - ენის კოდი |
| Language code of text/sound track or separate title |
geo |
| 080 ## - უნივერსალური ათობითი კლასიფიკაციის ინდექსი |
| Universal Decimal Classification number |
821.353.1-4 +342 ა-94 |
| 100 ## - მთავარი ჩანაწერი - პიროვნების სახელი |
| Personal name |
აქუბარდია, თამაზ. |
| 9 (RLIN) |
3955 |
| 245 ## - ცნობა სათაურის შესახებ |
| Title |
სახელისუფლებო ძალაუფლების ანატომია : მეცნიერულ-პუბლიცისტური ესსე. ნაწ. 1 / |
| Statement of responsibility, etc |
თამაზ აქუბარდია ; რედ : დავით აქუბარდია. |
| 264 ## - წარმოების, გამოცემის, დისტრიბუციის და სხვა ცნობები |
| გამოცემის, წარმოების, დისტრიბუციის... ადგილი |
თბილისი : |
| გამოცემის, წარმოების, დისტრიბუციის... სახელწოდება |
ივერიონი, |
| გამოცემის, წარმოების, დისტრიბუციის... თარიღი |
2018. |
| 300 ## - ფიზიკური აღწერა |
| Extent |
212 გვ. .; |
| Dimensions |
20 სმ. |
| 504 ## - BIBLIOGRAPHY, ETC. NOTE |
| Bibliography, etc |
ბიბლიოგრ.: გვ. 212 |
| 653 ## - INDEX TERM--UNCONTROLLED |
| Uncontrolled term |
ქართული ესსე. |
| 653 ## - INDEX TERM--UNCONTROLLED |
| Uncontrolled term |
ქართული პუბლიცისტური წერილები. |
| 653 ## - INDEX TERM--UNCONTROLLED |
| Uncontrolled term |
სახელმწიფო ხელისუფლება |
| 700 ## - ADDED ENTRY--PERSONAL NAME |
| Personal name |
აქუბარდია, დავით. |
| Relator term |
რედაქტორი |
| 9 (RLIN) |
3960 |
| 942 ## - ADDED ENTRY ELEMENTS (KOHA) |
| Source of classification or shelving scheme |
|
| Koha item type |
წიგნი |